| 000 | 00922nam1a2200217 i 4500 | ||
|---|---|---|---|
| 001 | RU\NLR\BIBL_A\022108889 | ||
| 005 | 20260405160456.0 | ||
| 035 | _a(NLR Aleph) 022108889 | ||
| 090 |
_a12770938 _c12770938 |
||
| 100 | _a20080404d1912 u||y0rusy50 ca | ||
| 101 | 0 | _arus | |
| 102 | _aRU | ||
| 105 | _a a ||||| | ||
| 200 | 1 |
_aЗаписки библиофила _eхудожественно-библиографический сборник, издаваемый Александром Евгеньевичем Бурцевым |
|
| 210 |
_aС.-Петербург _cХромо-типография А. К. Вейерман _d1912 |
||
| 215 | _d24 | ||
| 700 | 1 |
_8rus _7ca _aБурцев _bА. Е. _f1863-1938 _gАлександр Евгеньевич _3RU\NLR\AUTH\7767099 _950027 |
|
| 852 |
_aNLR _j37.8.3.5(9-10) |
||
| 942 | _cBOOK | ||